000 01174nam a22003378i 4500
999 _c29299
_d29270
001 018731215
003 EG-ScBUE
005 20210802123525.0
008 180201s2017 enka f b 001 0 eng d
020 _a9781316601563 (pbk.)
040 _aStDuBDS
_beng
_erda
_cStDuBDS
_dEG-ScBUE
082 0 4 _a327.101
_bALB
_222
100 1 _aAlbert, Mathias,
_eauthor.
245 1 2 _aA theory of world politics /
_cMathias Albert, Bielefeld University.
264 1 _aCambridge :
_bCambridge University Press,
_c2017.
300 _axiii, 254 pages ;
_c24 cm.
336 _atext
_2rdacontent
_btxt
336 _astill image
_2rdacontent
_btxt
337 _aunmediated
_2rdamedia
_bn
338 _avolume
_2rdacarrier
_bnc
490 0 _aCambridge studies in international relations ;
_v141
500 _aOriginally published : 2016.
504 _aIncludes bibliographical references and index.
650 7 _aInternational relations
_xPhilosophy.
_2BUEsh
650 7 _aInternational organization
_xPhilosophy.
_2BUEsh
650 7 _aDifferentiation (Sociology)
_2BUEsh
653 _bBUSBOL
_cAugust2021
655 _vReading book
_934232
942 _2ddc
_cBB